000 00490nam a22001697a 4500
003 MACL
005 20160730124406.0
008 160730b xxu||||| |||| 00| 0 eng d
040 _cMACL
041 _aEnglish
082 _a320 CHO
100 _aChoudhury, Tapas K. Roy
_965757
245 _aNationalism Tagore's Critique And Alterity
_bQuest For The Roots Of Ideas
_cTapas K. Roy Choudhury
260 _aKolkata
_bRaktakarabee
_c2013
650 _aPolitical
_965758
942 _2ddc
_cBK
999 _c55318
_d55318